书目信息 |
| 题名: |
化工分析
|
|
| 作者: | 郭小容 , 李乐 主编 | |
| 分册: | ||
| 出版信息: | 北京 化学工业出版社 2008 |
|
| 页数: | 203页 | |
| 开本: | 26cm | |
| 丛书名: | ||
| 单 册: | ||
| 中图分类: | TQ014 | |
| 科图分类: | ||
| 主题词: | 化学工业--分析方法--中等专业教育--教材 , 化学工业 , 分析方法 | |
| 电子资源: | ||
| ISBN: | 978-7-122-01976-9 | |
| 000 | 00919nam0 2200289 450 | |
| 001 | 012015000667 | |
| 005 | 20150911084552.39 | |
| 010 | @a978-7-122-01976-9@dCNY29.00 | |
| 100 | @a20080618d2008 em y0chiy50 ea | |
| 101 | 0 | @achi |
| 102 | @aCN@b110000 | |
| 105 | @ay z 000yy | |
| 106 | @ar | |
| 200 | 1 | @a化工分析@Ahua gong fen xi@f郭小容,李乐主编 |
| 205 | @a2版 | |
| 210 | @a北京@c化学工业出版社@d2008 | |
| 215 | @a203页@d26cm@e1练习册(81页) | |
| 300 | @a中等职业教育规划教材 | |
| 330 | @a本书共九章,包括绪论、滴定分析法总论、酸碱滴定法、配位滴定法、沉淀滴定法、氧化还原滴定法、电位分析法、比色法及分光光度法和气相色谱法等内容。 | |
| 606 | 0 | @a化学工业@x分析方法@x中等专业教育@j教材 |
| 606 | 0 | @a化学工业 |
| 606 | 0 | @a分析方法 |
| 690 | @aTQ014@v5 | |
| 701 | 0 | @a郭小容@Aguo xiao rong@4主编 |
| 701 | 0 | @a李乐@Ali le@4主编 |
| 801 | 0 | @aCN@b碧洲教育@c20150718 |
| 905 | @a10447@f2@dTQ014@e240=2 | |
| 化工分析/郭小容,李乐主编.-2版.-北京:化学工业出版社,2008 |
| 203页;26cm+1练习册(81页) |
| 中等职业教育规划教材 |
| ISBN 978-7-122-01976-9:CNY29.00 |
| 本书共九章,包括绪论、滴定分析法总论、酸碱滴定法、配位滴定法、沉淀滴定法、氧化还原滴定法、电位分析法、比色法及分光光度法和气相色谱法等内容。 |
| ● |
| 相关链接 |
|
|
|
|
正题名:化工分析
索取号:TQ014/240=2
 
预约/预借
| 序号 | 登录号 | 条形码 | 馆藏地/架位号 | 状态 | 备注 |
| 1 | 0848505 | 208485058 | 第二样本阅览室/ [索取号:TQ014/240=2] | 在馆 | |
| 2 | 0848506 | 208485067 | 第三借阅区/ [索取号:TQ014/240=2] | 在馆 |